Dictionary of computers (Record no. 3450)

MARC details
000 -LEADER
fixed length control field 00449nam a22001697a 4500
003 - CONTROL NUMBER IDENTIFIER
control field URS
005 - DATE AND TIME OF LATEST TRANSACTION
control field 20220114142514.0
008 - FIXED-LENGTH DATA ELEMENTS--GENERAL INFORMATION
fixed length control field 190912s |||| |||| 00| 0 eng d
040 ## - CATALOGING SOURCE
Transcribing agency URS
Language of cataloging eng
Modifying agency rda
050 14 - LIBRARY OF CONGRESS CALL NUMBER
Classification number QA 76.15
Item number .P2381 1985
100 ## - MAIN ENTRY--PERSONAL NAME
Personal name Parker,Sybil P.
245 1# - TITLE STATEMENT
Title Dictionary of computers
Statement of responsibility, etc. Sybil P. Parker
260 ## - PUBLICATION, DISTRIBUTION, ETC.
Place of publication, distribution, etc. New York:
Name of publisher, distributor, etc. Hill Book Company;
300 ## - PHYSICAL DESCRIPTION
Extent 452 pages:
Dimensions 22 cm
650 ## - SUBJECT ADDED ENTRY--TOPICAL TERM
Topical term or geographic name entry element Computer Dictionary
942 ## - ADDED ENTRY ELEMENTS (KOHA)
Source of classification or shelving scheme Library of Congress Classification
Koha item type Reference
Holdings
Withdrawn status Source of classification or shelving scheme Damaged status Not for loan Collection code Home library Current library Shelving location Date acquired Total Checkouts Full call number Barcode Date last seen Price effective from Koha item type
  Library of Congress Classification     Non-fiction Cainta College Library Cainta College Library On Display 01/26/2018   QA76.15.P2381 URSCAI-844 01/26/2018 01/26/2018 Reference

University of Rizal System
Email us at univlibservices@urs.edu.ph

Visit our Website www.urs.edu.ph/library